000 00720nam a2200217 a 4500
001 79304
003 BD-RjUL
005 20220201120258.0
008 220201s2021 bg ||||| |||| 00| 0 ben d
020 _a9789849421047
_c:Tk.500.00
035 _a(BD-RjUL)79304
040 _aBD-RjUL
_beng
_cBD-RjUL
041 _aben
082 _223
_a324.2092
_bHOE 2021
100 _aহোসেন, সৈয়দ আবুল
245 _aইতিবাচকতাই আমার পাথেয় /
_cসৈয়দ আবুল হোসেন
300 _a২০০ পৃ.;
_c২৫ সেমি.
600 _aহোসেন, সৈয়দ আবুল
600 _aHossain, Syed Abul
_91057
942 _2ddc
_cBK
999 _c79304
_d79304